Παρατηρήσεις στο ιδίωμα και το τοπωνυμικό της Πάτμου

Αποθηκεύτηκε σε:
Λεπτομέρειες βιβλιογραφικής εγγραφής
Κύριος συγγραφέας: Μηνάς, Κωνσταντίνος, 1937-
Μορφή: Βιβλίο
Γλώσσα:Greek
Δημοσίευση: Αθήνα : Στέγη Γραμμάτων και Τεχνών Δωδεκανήσου, 1994.
Θέματα:
Ετικέτες: Προσθήκη ετικέτας
Δεν υπάρχουν, Καταχωρήστε ετικέτα πρώτοι!

MARC

LEADER 00000cam a2200000 i 4500
001 1/90399
008 080702s1994 gr | ||| |||| ||gre||
035 |l 10098667 
040 |a GR-MyUa  |b gre  |e AACR2  
041 0 |a gre 
082 7 |a 489.37   |2 (22) 
100 1 |a Μηνάς, Κωνσταντίνος,   |d 1937- 
245 1 0 |a Παρατηρήσεις στο ιδίωμα και το τοπωνυμικό της Πάτμου   |h [ανάτυπο] /   |c Κωνστ. Μηνά.  
260 |a Αθήνα :   |b Στέγη Γραμμάτων και Τεχνών Δωδεκανήσου,   |c 1994.  
300 |a 15 σ. ;   |c 24 εκ.  
500 |a "Ανάτυπο από τα <<Δωδεκανησιακά Χρονικά>>, τόμος ΙΕ'".  
650 0 |a Greek language, Modern  |x Idioms  |z Greece  |z Patmos (Municipality) 
651 0 |a Patmos (Greece : Municipality) 
852 |a INST  |b RHODES  |c AKA  |e 20080702  |h  489.37 ΜΗΝ  |p 005400027832  |q 005400027832  |t BK  |y 0 
901 |a BIBL4-2008-2 
970 |a ΚΟΖΑ  |b ΜΑΡΙΑ  |z 2008/07/02